000 01147nam a22003377a 4500
003 CHAP
005 20220817042406.0
008 971013s1991 r 00010 d
010 _a43303
011 _a44275
035 _a48413
040 _cCHAP
090 _aFolleto 14493
100 0 0 _aLandais, Etienne.
_964660
245 _aEcopathologie et systemique
260 _aParis :
_bInstitut National de la Recherche Agronomique,
_c1991
300 _app. 5-12
490 _aEtudes et Recherches sur les Systémes Agraires et le Développement
_v; 21
501 _aEnc. con otro impreso similar
590 _aBATCH-UPD
_b10
_c20130110
_lUCH01
_h0015
590 _aBATCH-UPD
_b10
_c20130110
_lUCH01
_h1129
590 _aBATCH-UPD
_b10
_c20130410
_lUCH01
_h0718
590 _aBATCH-UPD
_b10
_c20130914
_lUCH01
_h1313
590 _aCONVERSION
_b10
_c20130109
_lUCH01
_h1324
650 1 4 _aEpidemiología.
650 1 4 _aVeterinaria.
_9118987
830 0 _aEtudes et Recherches sur les Systémes Agraires et le Développement
_v; 21
_938672
901 _aBK
942 _cFOLL
949 _aFolleto 14493
_bBC
_cFOLL
_d-109673
_eTS1
_gI.c/e
_i48413
_si
_t54.13
999 _c43303
_d43303